000 00262nam a2200109Ia 4500
008 230907s9999||||xx |||||||||||||| ||und||
082 _a620.106
_bWHI
245 0 _aFluid mechanics /
260 _aMcGraw-Hill,
_bNew York :
_c2016
300 _a773 p.
942 _cBK
999 _c600801
_d600801